Legislación de medidas de protección integral contra la violencia de género: Ley Orgánica 1-2004 y normativa estatal e internacional complementaria y de desarrollo
Uloženo v:
| Médium: | Kniha |
|---|---|
| Jazyk: | španělština |
| Vydáno: |
Madrid
Tecnos
2005
|
| Edice: | Biblioteca de Textos Legales, 289
|
| Témata: | |
| Tagy: |
Přidat tag
Žádné tagy, Buďte první, kdo vytvoří štítek k tomuto záznamu!
|
MARC
| LEADER | 00000cam a2200000 a 4500 | ||
|---|---|---|---|
| 001 | UCG9367 | ||
| 003 | CL-VaPUC | ||
| 008 | 120309e20050000SP |||||||||||||||||spa|d | ||
| 020 | |a 8430943447 | ||
| 082 | 0 | 4 | |a 364.15553 |b LEG |2 21 |
| 245 | 1 | 0 | |a Legislación de medidas de protección integral contra la violencia de género: Ley Orgánica 1-2004 y normativa estatal e internacional complementaria y de desarrollo |
| 300 | |a 295 P | ||
| 942 | |c BK | ||
| 945 | |d 20120309 00:00:00 |a dcastane | ||
| 260 | |a Madrid |b Tecnos |c 2005 | ||
| 650 | 0 | |a Violencia intrafamiliar |9 312986 | |
| 650 | 0 | |a Violencia de género |9 535002 | |
| 650 | 7 | |a MALTRATO |2 CL-VaPUC |9 530611 | |
| 650 | 0 | |a Mujeres maltratadas |9 328273 | |
| 583 | |a last modification |c 20120309 14:21:00 |k Rodrigo Vera | ||
| 490 | 0 | |a Biblioteca de Textos Legales, 289 | |
| 999 | |c 346924 |d 346922 | ||
| 952 | |0 0 |1 0 |4 0 |6 364_155530000000000_LEG_2005 |7 0 |8 A |9 447881 |a BIBDER |b BIBDER |d 2019-11-22 |i 4844289 |o 364.15553 LEG 2005 |p 4844289 |r 2023-01-25 |w 2019-11-22 |y BK |k DER | ||